PLASTICITY & SIGNAL REPRESENTION IN THE AUDITORY SYSTEM (Record no. 32733)

MARC details
000 -LEADER
fixed length control field 00438nam a22001697a 4500
003 - CONTROL NUMBER IDENTIFIER
control field SGT
020 ## - INTERNATIONAL STANDARD BOOK NUMBER
International Standard Book Number 9780387231549
082 ## - DEWEY DECIMAL CLASSIFICATION NUMBER
Classification number 152.15
Item number P05S
100 ## - MAIN ENTRY--PERSONAL NAME
Personal name SYKA, JOSEF
245 ## - TITLE STATEMENT
Title PLASTICITY & SIGNAL REPRESENTION IN THE AUDITORY SYSTEM
250 ## - EDITION STATEMENT
Edition statement 1ST
260 ## - PUBLICATION, DISTRIBUTION, ETC. (IMPRINT)
Place of publication, distribution, etc NEW YORK
Name of publisher, distributor, etc SPRINGER PUB
Year of Publication 2005
300 ## - PAGE DESCRIPTION
No. of Pages 416
650 ## - SUBJECT ADDED ENTRY--TOPICAL TERM
Topical term or geographic name as entry element AUDIOLOGY
653 ## - KEYWORDS--INDEX TERM
Keyword term PLASTICITY & SIGNAL REPRESENTION IN THE AUDITORY SYSTEM
942 ## - ADDED ENTRY ELEMENTS (KOHA)
Source of classification or shelving scheme Dewey Decimal Classification
Koha item type Books
Holdings
Withdrawn status Lost status Source of classification or shelving scheme Damaged status Not for loan Collection code Home library Current library Shelving location Date acquired Vendor Name Cost, normal purchase price SGTU Total Checkouts Full call number Accession No. (Barcode) Date last seen Bill Date Koha item type
    Dewey Decimal Classification   Not For Loan MEDICAL SGT Medical Library SGT Medical Library Reference Book 28/07/2025 ABC DELHI 19539.00 SGTU   152.15 P05S FM15530 20/09/2025 28/07/2025 Books